| 000 | 01633nam a2200241Ia 4500 | ||
|---|---|---|---|
| 008 | 260220t9999||||xx |||||||||||||| ||spa|| | ||
| 040 |
_aPY-SlUNAC _bspa _erda |
||
| 041 | _aspa | ||
| 082 |
_a863 _bD822d |
||
| 100 |
_aLo Duca _eAutor |
||
| 245 | 0 |
_aLa dulce vida / _cpor Lo Duca [Autor] |
|
| 264 |
_aBarcelona : _bCEDRO, _c[Fecha de publicación no identificada]. |
||
| 300 | _a1 volumen | ||
| 520 | _aEn "La dulce vida", Lo Duca presenta una exploración íntima de las experiencias cotidianas que componen la existencia humana, utilizando un enfoque narrativo que entrelaza la ficción con elementos autobiográficos. A través de un estilo evocador y lírico, el autor invita a los lectores a reflexionar sobre la búsqueda de la felicidad en un mundo lleno de desafíos y contradicciones. Las historias se desarrollan en un contexto urbano, donde los personajes enfrentan dilemas emocionales y sociales, lo que permite una profunda conexión con las vivencias de la vida moderna. La obra destaca la importancia de los pequeños momentos y la belleza que se encuentra en lo cotidiano, sugiriendo que la felicidad puede ser alcanzada a través de la apreciación de lo simple. Con una prosa rica y matizada, Lo Duca logra capturar la esencia de la vida, haciendo de "La dulce vida" una lectura reflexiva que resuena con las inquietudes y aspiraciones del ser humano contemporáneo. | ||
| 653 | _aCultura | ||
| 653 | _aLiteratura | ||
| 653 | _aSociedad | ||
| 942 |
_b2026/02/17 _cBK |
||
| 999 |
_c9278 _d9278 |
||